000 01661nam0a2200325 4500
001 RU\NLR\BIBL_A\022365163
005 20241105143350.0
010 _a978-5-94646-688-2
_9500
021 _aRU
_bКН-П-24-054675
_9КН-П-24-5446
035 _a(NLR Aleph) 022365163
090 _a13262275
_c13262275
100 _a20241025d2024 k y0rusy50 ca
101 0 _arus
102 _aRU
105 _aa z 000yy
181 0 _ai
_baxxe
182 0 _an
200 1 _aПовышение стратегической конкурентоспособности отраслей промышленного региона
_eмонография
_fЕ. В. Щеглов
_gРоссийская академия наук, Уральское отделение, Институт экономики
203 _aТекст
_bвизуальный
_cнепосредственный
210 _aЕкатеринбург
_cИнститут экономики Уральского отделения Российской академии наук
_d2024
215 _a201 с.
_cил., табл.
_d20
225 1 _aДесятилетие науки и технологий в Российской Федерации
320 _aБиблиогр.: с. 137-153 и в подстроч. примеч.
606 1 _aПромышленность
_xКонкурентоспособность
_xУправление
_92524051
_3RU\NLR\AUTH\6601709748
686 1 _aУ30(2)-13-21(2Р)
700 1 _aЩеглов
_bЕ. В.
_gЕвгений Вячеславович
942 _cBOOK
980 _aNB